000
00323nam a2200133Ia 4500
005
20251222143257.0
008
251222s9999||||xx |||||||||||||| ||spa||
020
_a
970-05-0601-0
082
_a
153.7/P52
100
_a
Piaget, Jean
245
0
_a
La Construcción de lo Real en el Niño
264
_b
Grijalbo
942
_c
LIB
999
_c
15200
_d
15200